000 00768nam a2200253Ia 4500
008 191130s2009##################000#0#eng##
020 _a9780521517911
022 _a2008011617
040 _aACL
_cACL
082 _a153 SCH
100 _aSchulkin, Jay
245 _aCognitive adaptation : a pragmatist perspective
_cJay Schulkin
260 _aCambridge
_bCambridge University Press
_c2009
300 _ax, 198 p. : ill. ; 24 cm
500 _aIncludes bibliographical references (p. 155-189) and index
650 _aAdaptation (Physiology)
650 _aAdaptation, Psychological
650 _aCognition
650 _aNeuropsychology
650 _aPsychophysiology
990 _a9b4396bbac10000c53711ee397042de4
991 _a210426
999 _c132093
_d132093